| 000 | 00700nam a22002177a 4500 | ||
|---|---|---|---|
| 003 | OSt | ||
| 005 | 20250709013327.0 | ||
| 008 | 250709b |||||||| |||| 00| 0 eng d | ||
| 020 | _a0-321-01407-3 | ||
| 040 |
_aDWC-Main Lib _cOC |
||
| 082 | _aCirc. 658 B627m 2000 | ||
| 100 | _aBlack, Stewart J. | ||
| 245 |
_aManagement: _bmeeting new challenges/ _cStewart J. Black & Lyman W. Porter |
||
| 250 | _a1st edition | ||
| 260 |
_aNew Jersey: _bPrentice Hall, Inc., _cc2000. |
||
| 300 |
_axxiv, 648 pages: _billustrations; _c27cm. |
||
| 504 | _aIncludes bibliographical references and index. | ||
| 650 | _a1. Management. | ||
| 700 | _aPorter, Lyman W. | ||
| 942 |
_2ddc _cBK-CIRC _e1st edition _kCirc. _n0 |
||
| 999 |
_c3503 _d3503 |
||